Sonne, Wolken und Wind : das Buch der Meteorologie.

Bibliographic Details
Main Author: Kapeller, Ludwig, 1892-
Format: Book
Language:German
Published: Berlin : Safari-Verlag, [1959]
Subjects:

MARC

Tag First Indicator Second Indicator Subfields
LEADER 00000cam a2200000 4500
001 in00000046771
005 20151007075408.0
008 800613s1959 wb a 00000 ger d
035 |a (OCoLC)06418200 
035 |9 AAF3139AM 
040 |a TXA  |c TXA  |d UtOrBLW 
049 |a TXAM  |c [320456] 
090 |a QC861  |b .K364 1959 
092 |a 551.5  |b K17s, 1959 
100 1 |a Kapeller, Ludwig,  |d 1892- 
245 1 0 |a Sonne, Wolken und Wind :  |b das Buch der Meteorologie. 
264 1 |a Berlin :  |b Safari-Verlag,  |c [1959] 
300 |a 254 pages :  |b illustrations 
336 |a text  |b txt  |2 rdacontent 
337 |a unmediated  |b n  |2 rdamedia 
338 |a volume  |b nc  |2 rdacarrier 
650 0 |a Meteorology. 
999 |a MARS 
999 f f |s 56116f76-3ae6-3348-bfa4-6238ed9931ff  |i 7c2eecce-32df-35c8-9a1a-dcc876deac82  |t 0 
952 f f |p ric  |a Texas A&M University  |b Rellis Campus  |c Joint Library Facility  |d Remote Storage  |t 0  |e QC861 .K364 1959  |h Library of Congress classification  |i unmediated -- volume  |m A14800953593 
998 f f |a QC861 .K364 1959  |t 0  |l Remote Storage